Down by the station / (Record no. 7506)

MARC details
000 -LEADER
fixed length control field 00986nam a22002897a 4500
001 - CONTROL NUMBER
control field 7506
003 - CONTROL NUMBER IDENTIFIER
control field FISKH
005 - DATE AND TIME OF LATEST TRANSACTION
control field 20251219081017.0
008 - FIXED-LENGTH DATA ELEMENTS--GENERAL INFORMATION
fixed length control field 250722b cb ||||| |||| 00| 0 eng d
020 ## - INTERNATIONAL STANDARD BOOK NUMBER
International Standard Book Number 9780859531320
040 ## - CATALOGING SOURCE
Original cataloging agency FISKH
Language of cataloging eng
Transcribing agency FISKH
Modifying agency FISKH
050 ## - LIBRARY OF CONGRESS CALL NUMBER
Classification number PZ8.3 .D75345
082 ## - DEWEY DECIMAL CLASSIFICATION NUMBER
Classification number 398.8
100 ## - MAIN ENTRY--PERSONAL NAME
Personal name Stockham, Jess
245 ## - TITLE STATEMENT
Title Down by the station /
Statement of responsibility, etc. Illustrated by Jess Stockham
260 ## - PUBLICATION, DISTRIBUTION, ETC.
Place of publication, distribution, etc. Swindon :
Name of publisher, distributor, etc. Child's Play ,
Date of publication, distribution, etc. 2002.
300 ## - PHYSICAL DESCRIPTION
Extent 16 unnumbered pages :
Other physical details color illustrations ;
Dimensions 20 X20 cm .
490 ## - SERIES STATEMENT
Series statement Classic Books with Holes
505 ## - FORMATTED CONTENTS NOTE
Formatted contents note G <br/>
520 ## - SUMMARY, ETC.
Summary, etc. This illustrated version of the traditional song describes many noisy vehicles that can be seen early in the morning down by the station. Features die-cut pages.<br/>
521 8# - TARGET AUDIENCE NOTE
Target audience note 350 <br/>
Source Lexile estimate <br/>
521 8# - TARGET AUDIENCE NOTE
Target audience note G <br/>
Source Raz-Plus <br/>
650 ## - SUBJECT ADDED ENTRY--TOPICAL TERM
Topical term or geographic name entry element Transportation
Form subdivision Juvenile Literature
650 ## - SUBJECT ADDED ENTRY--TOPICAL TERM
Topical term or geographic name entry element Trains
Form subdivision Juvenile Literature
942 ## - ADDED ENTRY ELEMENTS (KOHA)
Source of classification or shelving scheme Dewey Decimal Classification
Koha item type Books
Suppress in OPAC No
Holdings
Withdrawn status Lost status Source of classification or shelving scheme Damaged status Not for loan Collection Home library Current library Shelving location Date acquired Total Checkouts Full call number Barcode Date last seen Copy number Price effective from Koha item type Date last checked out
    Dewey Decimal Classification     Juvenile Fiction Footprints International School Library Network Toul Tom Poung Campus Footprints International School Library Network Toul Tom Poung Campus TTP Primary Green Bookshelves 07/22/2025   STO 398.8 PZ8.3 .D75345 FIS03298 07/22/2025 1 07/22/2025 Books  
    Dewey Decimal Classification     Juvenile Fiction Footprints International School Library Network Toul Tom Poung Campus Footprints International School Library Network Toul Tom Poung Campus TTP Primary Green Bookshelves 08/05/2025 1 STO 398.8 PZ8.3 .D75345 FISTK01647 02/13/2026 2 08/05/2025 Books 02/06/2026
    Dewey Decimal Classification     Juvenile Fiction Footprints International School Library Network Toul Tom Poung Campus Footprints International School Library Network Toul Tom Poung Campus TTP Primary Green Bookshelves 08/19/2025   STO 398.8 PZ8.3 .D75345 2025-4143 08/19/2025 3 08/19/2025 Books  
    Dewey Decimal Classification     Juvenile Fiction Footprints International School Library Network Toul Tom Poung Campus Footprints International School Library Network Toul Tom Poung Campus TTP Primary Green Bookshelves 12/19/2025   STO 398.8 PZ8.3 .D75345 FISTK02565 12/19/2025 4 12/19/2025 Books